The geography of empire
Αποθηκεύτηκε σε:
| Κύριος συγγραφέας: | |
|---|---|
| Μορφή: | Βιβλίο |
| Γλώσσα: | English |
| Δημοσίευση: |
Nottingham,
Spokesman,
1972.
|
| Σειρά: | (Spokesman books)
|
| Θέματα: | |
| Ετικέτες: |
Προσθήκη ετικέτας
Δεν υπάρχουν, Καταχωρήστε ετικέτα πρώτοι!
|
MARC
| LEADER | 00000cam a2200000 a 4500 | ||
|---|---|---|---|
| 001 | 1/113521 | ||
| 008 | 170328s1972####enk| ||| |||| ||eng|| | ||
| 040 | |a GR-MyUa |b gre |c GR-MyUa |e AACR2 | ||
| 041 | 0 | |a eng | |
| 082 | 7 | |a 338.91 |2 (23) | |
| 100 | 1 | |a Buchanan, Keith M. | |
| 245 | 1 | 4 | |a The geography of empire / |c Keith Buchanan. |
| 260 | |a Nottingham, |b Spokesman, |c 1972. | ||
| 300 | |a 64 σ. ; |c 22 εκ. | ||
| 490 | 0 | |a (Spokesman books) | |
| 504 | |a Περιλαμβάνει βιβλιογραφία. | ||
| 650 | 0 | |a Military assistance, American. | |
| 651 | 0 | |a United States |x Foreign economic relations. | |
| 852 | |a INST |b LESVOS |e 20170328 |h 338.91 BUC |p 005100058982 |q 005100058982 |t BK |y 0 | ||
| 970 | |a Τζαφέρη |b Ευαγγελία |z 28-03-2017 | ||